书目信息 |
| 题名: |
汇编语言程序设计
|
|
| 作者: | 钱晓捷 主编 | |
| 分册: | ||
| 出版信息: | 北京 电子工业出版社 2004 |
|
| 页数: | 331页 | |
| 开本: | 26cm | |
| 丛书名: | ||
| 单 册: | ||
| 中图分类: | TP313 | |
| 科图分类: | ||
| 主题词: | 软件 | |
| 电子资源: | ||
| ISBN: | 7-5053-8699-9 | |
| 000 | 00600nam0 2200217 450 | |
| 001 | 0638714071 | |
| 005 | 20061008104848.53 | |
| 010 | @a7-5053-8699-9@dCNY28.00 | |
| 100 | @a20061008d2004 km y0chiy0120 ea | |
| 101 | 0 | @achi |
| 102 | @aCN@b110000 | |
| 200 | 1 | @a汇编语言程序设计@Ahui bian yu yan cheng xu she ji@f钱晓捷主编@Fqian xiao jie zhu bian |
| 205 | @a2版 | |
| 210 | @a北京@c电子工业出版社@d2004 | |
| 215 | @a331页@d26cm | |
| 300 | @a高等学校教材 | |
| 606 | 0 | @a软件 |
| 690 | @aTP313@v3 | |
| 701 | 0 | @a钱晓捷@Aqian xiao jie@4主编 |
| 801 | 0 | @aCN@bPFT@c20061008 |
| 905 | @a10447@dTP313@e14=2 | |
| 汇编语言程序设计/钱晓捷主编.-2版.-北京:电子工业出版社,2004 |
| 331页;26cm |
| 高等学校教材 |
| ISBN 7-5053-8699-9:CNY28.00 |
| ● |
| 相关链接 |
|
|
|
|
正题名:汇编语言程序设计
索取号:TP313/14=2
 
预约/预借
| 序号 | 登录号 | 条形码 | 馆藏地/架位号 | 状态 | 备注 |
| 1 | 0484248 | 204842484 | 密集书库/ [索取号:TP313/14=2] | 在馆 |